Reflexiones filosóficas acerca de la poesía / (Record no. 179468)

MARC details
000 -LEADER
campo de control de longitud fija 01068nam a2200277 i 4500
001 - NÚMERO DE CONTROL
campo de control 179468
003 - IDENTIFICADOR DE NÚMERO DE CONTROL
campo de control ES-MaACL
005 - FECHA Y HORA DE LA ÚLTIMA TRANSACCIÓN
campo de control 20230906220809.0
008 - DATOS DE LONGITUD FIJA--INFORMACIÓN GENERAL
campo de control de longitud fija 111207s1960 ag |||| | spa d
080 ## - NÚMERO DE LA CLASIFICACIÓN DECIMAL UNIVERSAL
Número de la Clasificación Decimal Universal 82-1:1(02)"17"
080 ## - NÚMERO DE LA CLASIFICACIÓN DECIMAL UNIVERSAL
Número de la Clasificación Decimal Universal 82:111.852(02)"17"
100 1# - ENTRADA PRINCIPAL--NOMBRE DE PERSONA
Nombre de persona Baumgarten, Alexander Gottlieb.
9 (RLIN) 148695
245 10 - MENCIÓN DEL TÍTULO
Título Reflexiones filosóficas acerca de la poesía /
Mención de responsabilidad, etc. Baumgarten ; traducción del latín, prólogo y notas de José Antonio Míguez.
250 ## - MENCION DE EDICION
Mención de edición 2ª ed. en esta Biblioteca.
260 ## - PUBLICACIÓN, DISTRIBUCIÓN, ETC.
Lugar de publicación, distribución, etc. Buenos Aires :
Nombre del editor, distribuidor, etc. Aguilar,
Fecha de publicación, distribución, etc. 1960.
300 ## - DESCRIPCIÓN FÍSICA
Extensión 90 p. ;
Dimensiones 16 cm.
490 1# - MENCIÓN DE SERIE
Mención de serie Biblioteca de iniciación filosófica ;
Designación de volumen o secuencia 27
595 ## -
-- 1ª ed., 1735.
650 #7 - PUNTO DE ACCESO ADICIONAL DE MATERIA--TÉRMINO DE MATERIA
Término de materia o nombre geográfico como elemento de entrada Poesía-
Subdivisión general Filosofía-
Subdivisión de forma Obras anteriores a 1800.
9 (RLIN) 148697
650 #7 - PUNTO DE ACCESO ADICIONAL DE MATERIA--TÉRMINO DE MATERIA
Término de materia o nombre geográfico como elemento de entrada Estética literaria-
Subdivisión de forma Obras anteriores a 1800.
9 (RLIN) 148696
650 ## - PUNTO DE ACCESO ADICIONAL DE MATERIA--TÉRMINO DE MATERIA
Término de materia o nombre geográfico como elemento de entrada Literatura-
Subdivisión general Filosofía.
9 (RLIN) 14488
700 1# - ENTRADA AGREGADA--NOMBRE PERSONAL
Nombre de persona Míguez, José Antonio.
9 (RLIN) 81053
830 0# - PUNTO DE ACCESO ADICIONAL DE SERIE-TÍTULO UNIFORME
Título uniforme Biblioteca de iniciación filosófica ;
Designación de volumen o secuencia 27
9 (RLIN) 181447
852 ## - LOCALIZACIÓN
Ubicación ES-MaACL
Número de control de estantería 2308-F-2
Nota libre . - Donativo M. A. Velasco
Holdings
Estatus retirado Estado de pérdida Estado de daño No para préstamo Colección Biblioteca de origen Biblioteca actual Ubicación en estantería Fecha de adquisición Fuente de adquisición Total de préstamos Signatura topográfica completa Código de barras Visto por última vez Precio de reemplazo Tipo de ítem Koha
        Colección de folletos Biblioteca del Ateneo de Madrid Biblioteca del Ateneo de Madrid Depósito folletos 07/12/2011     2308-F-2 1188539 23/02/2023 23/02/2023 Folleto